000 00795nam a2200181Ia 4500
008 100921s9999 xx 000 0 und d
082 _b36724
_a796 न 03
100 _aपाठक धुंडिराज,लोया रितेश.
245 _aआरोग्य आणि यशसंपदेसाठी.
260 _bसंवाद प्रकाशन,पुणे.
_c2003
300 _a240
_bपाठक धुंडिराज,पुणे
365 _b200
520 _aकला-वास्तुशिल्पकला.
630 _aआरोग्य आणि यशसंपदेसाठी.
650 _aकला-वास्तुशिल्पकला.
730 _aआरोग्य आणि यशसंपदेसाठी.
942 _cBOOK
999 _c785837
_d785834